Central Library OPAC University of Rajshahi

The plunder of the arts in the seventeenth century / (Record no. 16813)

MARC details
000 -LEADER
fixed length control field 00946cam a2200289 4500
001 - CONTROL NUMBER
control field 16813
003 - CONTROL NUMBER IDENTIFIER
rucl marc code BD-RjUL
005 - DATE AND TIME OF LATEST TRANSACTION
control field 20211209000043.0
008 - FIXED-LENGTH DATA ELEMENTS--GENERAL INFORMATION
fixed length control field 140215t1970 enkach b 000 0 eng
020 ## - INTERNATIONAL STANDARD BOOK NUMBER
International Standard Book Number 0500550026
035 ## - SYSTEM CONTROL NUMBER
System control number (BD-RjUL)16868
040 ## - CATALOGING SOURCE
Original cataloging agency DLC
Transcribing agency DLC
Modifying agency DLC
-- BD-RjUL
Language of cataloging eng
041 ## - LANGUAGE CODE
Language code of text/sound track or separate title eng
082 00 - DEWEY DECIMAL CLASSIFICATION NUMBER
Classification number 709.4
Author mark and year TRP 1970
100 1# - MAIN ENTRY--PERSONAL NAME
Personal name Trevor-Roper, H. R.
Fuller form of name (Hugh Redwald),
Dates associated with a name 1914-2003.
9 (RLIN) 51923
245 14 - TITLE STATEMENT
Title The plunder of the arts in the seventeenth century /
Statement of responsibility, etc. by Hugh Trevor-Roper.
260 ## - PUBLICATION, DISTRIBUTION, ETC. (IMPRINT)
Place of publication, distribution, etc. London :
Name of publisher, distributor, etc. Thames & Hudson,
Date of publication, distribution, etc. c1970.
300 ## - PHYSICAL DESCRIPTION
Pagination 64 p. :
Illustrations illus., facsims., ports. ;
Size 22 cm.
350 ## - PRICE (NR) (BK AM CF MU VM SE) [OBSOLETE]
Price £2.10
504 ## - BIBLIOGRAPHY, ETC. NOTE
Bibliography, etc Includes bibliographical references.
650 #0 - SUBJECT ADDED ENTRY--TOPICAL TERM
Topical term or geographic name as entry element Art thefts
General subdivision History
Chronological subdivision 17th century.
9 (RLIN) 51925
Topical term or geographic name as entry element Archaeological thefts
General subdivision History
Chronological subdivision 17th century.
9 (RLIN) 51926
942 ## - ADDED ENTRY ELEMENTS (KOHA)
Source of classification or shelving scheme Dewey Decimal Classification
Koha item type Books
Holdings
Lost status Source of classification or shelving scheme Damaged status Not for loan Collection code Permanent Location Current Location Shelving location Date acquired Source of acquisition Cost, normal purchase price Total Checkouts Full call number Date last seen Copy number Koha item type
  Dewey Decimal Classification   Not For Loan Non-fiction Central Library, University of Rajshahi Central Library, University of Rajshahi Reading Room 14/08/1972 Paramount book cor. 46.20   709.4 TRP 1970 15/02/2014 C-1 Books